| 000 | 00725nam a2200253Ia 4500 | ||
|---|---|---|---|
| 003 | OSt | ||
| 005 | 20220918165713.0 | ||
| 006 | a|||||r|||| 00| 0 | ||
| 007 | ta | ||
| 008 | 220917b |||||||| |||| 00| 0 eng d | ||
| 020 | _a8170367182 (hbk) | ||
| 024 | _a45,334 | ||
| 037 | _cTextual | ||
| 040 |
_aARTS _cARTS _beng |
||
| 041 |
_2eng _aeng |
||
| 082 | _aP:(S:4), N8 | ||
| 245 | 0 | _aSocial psychological perspectives on second language learning edited by R.K.Agnihotri, A.L.Khana and I.Sachdev | |
| 260 |
_aNew Delhi _bSage _c1998 |
||
| 300 |
_a238p. _ccm. |
||
| 490 | _aResearch in applied linduistics; v4 | ||
| 650 | _aLINGUISTICS | ||
| 942 |
_hP:(S:4), N8 _cTEXL _2CC |
||
| 999 |
_c130781 _d130781 |
||